Responses for Show #9076 - Monday, April 8, 2024

2024 Jeopardy! Invitational Tournament final game 2.

Contestants

[<< previous game]

Andrew He, a stay-at-home dad from Concord, California

Victoria Groce, a writer and television personality from Pittsburgh, Pennsylvania

Amy Schneider, a writer from Oakland, California

[next game >>]

Jeopardy! Round responses

"A" TO "A" COUNTRIES
PARENTING
ACHES & PAINS
WORKING HARD, HARDLY WORKING
POP CULTURE IS SPRINGING OUT ALL OVER
SLANGUAGE
    $200 29
Andorra

Victoria
    $200 30
(Ken: [*] vs. lean time, the eternal struggle.)

screen time

Victoria
    $200 26
chronic pain

Andrew
    $200 27
Alaska

Andrew
    $200 28
Cole Porter

Victoria
    $200 25
business

Triple Stumper
    $400 21
Armenia

Victoria
    $400 22
(Victoria: What are music lessons?)
(Ken: Can you be more specific?)

piano lessons

Victoria
    $400 10
an ice pick headache

Victoria
    $400 23
(Samsung) Galaxy

Andrew
    $400 1
Easter Parade

Triple Stumper
    $400 24
to clap back

Andrew
    $600 5
Albania

Victoria
    $600 20
(Ken: Yeah, no choking.)

lengthwise

Victoria
    $600 12
(Ken: That's a mouthful, but you're correct.)
(Victoria: Thank you.)

non-steroidal anti-inflammatory drugs

Victoria
    $600 16
residents

Amy
    $600 2
May December

Victoria
    $600 15
wicked

Victoria
    $800 3
Argentina

Andrew
    $800 19
(Victoria: Yikes, glad I had just one.)

Who is your favorite child?

Triple Stumper
    $800 11
ague

Amy
    $4,400 17
a salaryman

Amy
    $800 7
Miss Congeniality

Triple Stumper
    $800 14
phat

Triple Stumper
    $1000 6
Algeria

Amy
    $1000 9
visitation

Amy
    $1000 13
bursitis

Amy
    $1000 18
DuPont

Victoria
    $1000 8
Spring Awakening

Andrew
    $1000 4
a situationship

Victoria

Scores at the first commercial break (after clue 15):

Amy Victoria Andrew
$3,800 $3,800 $1,800

Scores at the end of the Jeopardy! Round:

Amy Victoria Andrew
$8,800 $6,800 $3,000

Double Jeopardy! Round responses

NOVEL TITLE CHARACTERS
COLLEGES & UNIVERSITIES
CONSONANT-VOWEL x3
(Ken: Each response will be a word with that pattern, like "salami".)
A SECRET CHORD
DAVID PLAYED
IT PLEASED THE LORD
    $400 23
Carrie

Victoria
    $400 24
Notre Dame

Amy
    $400 27
sudoku

Victoria
    $400 28
Tristan

Andrew
    $400 29
the L.A. Galaxy

Victoria
    $400 30
(Amy: What are the '50s?)
...
(Ken: The Profumo affair in [*].)

the 1960s

AmyAndrew
    $11,200 4
(Ken: You have a big lead; it wasn't safe on Friday, though.)

Moll Flanders

Victoria
    $800 11
Emory

Amy
    $800 25
a gigolo

Andrew
    $800 14
Beethoven

Victoria
    $800 26
Ortiz

Victoria
    $800 8
orangutans

Victoria
    $1200 3
Nigeria

Victoria
    $1200 6
(Ken: Yeah, you beat Victoria to some Pittsburgh trivia.)
(Victoria: My husband's employer.)

Carnegie Mellon

Amy
    $1200 16
casita

Amy
    $1200 13
Kind of Blue

Victoria
    $1200 15
(David) Tennant

Victoria
    $1200 5
(Ken: He was in charge of [*], now The O2.)

the Millennium Dome

Triple Stumper
    $1600 2
The Constant Gardener

Victoria
    $1600 9
the Claremont Colleges

Andrew
    $12,000 17
a novena

Amy
    $1600 1
Mahler

Victoria
    $1600 19
(David) Gilmour

Victoria
    $1600 7
(Andrew: Who is Churchill?)
(Ken: Can you be more specific, Andrew?)
(Andrew: Who is, uh... John Churchill?)

Randolph Churchill

VictoriaAndrew
    $2000 22
Daniel Deronda

Victoria
    $2000 12
Northwestern

Andrew
    $2000 18
a lacuna

Amy
    $2000 10
Strayhorn

Victoria
    $2000 20
Labyrinth

Victoria
    $2000 21
(Ken: Very nice, that's right.)

Lord Darnley

Andrew

Scores at the end of the Double Jeopardy! Round:

Amy Victoria Andrew
$26,000 $37,600 $8,600

[wagering suggestions for these scores]

Final Jeopardy! Round responses

MYTHOLOGY
(Ken: [To Andrew] Yes, that's the puzzle famously solved by Alexander the Great with a sword.)
AndrewWhat is the Gordian Knot?
$8,000
AmyWhat is the Gordian Knot?
$11,601
VictoriaWhat is the Gordian Knot? Hi, Nora! ♡
$14,401
the Gordian Knot

Final scores:

Amy Victoria Andrew
$37,601 $52,001 $16,600
2nd place: 1 match point Winner: 1 match point 3rd place

Game dynamics:

Coryat scores:

Amy Victoria Andrew
$12,000 $27,200 $8,600
12 R
(including 2 DDs),
1 W
30 R
(including 1 DD),
0 W
12 R,
1 W

Combined Coryat: $47,800

[game clues] [game scores] [suggest correction]

Game tape date: 2024-02-28
The J! Archive is created by fans, for fans. Scraping, republication, monetization, and malicious use prohibited; this site may use cookies and collect identifying information. See terms. The Jeopardy! game show and all elements thereof, including but not limited to copyright and trademark thereto, are the property of Jeopardy Productions, Inc. and are protected under law. This website is not affiliated with, sponsored by, or operated by Jeopardy Productions, Inc. Join the discussion at JBoard.tv.